000 00793nam a2200181Ia 4500
008 100920s9999 xx 000 0 und d
082 _b90114
_a30 थ 00
100 _aराजवाडे विश्वनाथ काशिनाथ.
245 _aमराठ्यांच्या इतिहासाची साधने.
260 _bचित्रशाळा प्रकाशन.पुणे2.
_c1900
300 _a199
_bसाधी
365 _b0
520 _aदुर्मिळ ग्रंथ.
630 _aमराठ्यांच्या इतिहासाची साधने.
650 _aदुर्मिळ ग्रंथ.
730 _aमराठ्यांच्या इतिहासाची साधने.
942 _cBOOK
999 _c730605
_d730602